|
|
|
|
| LEADER |
00000nam a22000007a 4500 |
| 008 |
240227b |||||||| |||| 00| 0 eng d |
| 020 |
|
|
|a 97811382933670
|
| 245 |
|
|
|a WELLBEING of transnational muslim families
|c /edited by Marja Tiilikainen, Mulki-Al-Sharmani and Sanna Mustasaari
|g xviii,188p
|
| 250 |
|
|
|c Tiilikainan, Marja
|
| 250 |
|
|
|c Al-Sharmani, Mulki
|
| 250 |
|
|
|c Mustasaani, Sanna
|
| 260 |
|
|
|b Routledge
|c 2020
|h London
|i 701763
|i 701764
|l HQ525.I8W44
|m Muslim families-Europe-Social life and customs
|m Muslim families- Europe-Social conditions
|m Well-being -Europe
|
| 500 |
|
|
|a it includes references and index
|
| 942 |
|
|
|a lcc
|c BK
|e Johnson
|f 27/02/24
|
| 952 |
|
|
|0 0
|1 0
|2 lcc
|4 0
|6 HQ0525 I8 W44
|7 0
|9 4912
|a SSL
|b HOL
|c GJ
|d 2024-02-27
|l 0
|o HQ525.I8W44
|p 2024-0163
|r 2024-02-27 00:00:00
|t 701763
|w 2024-02-27
|y BK
|
| 952 |
|
|
|0 0
|1 0
|2 lcc
|4 0
|6 HQ0525 I8 W44
|7 0
|9 4913
|a HOL
|b HOL
|c GJ
|d 2024-02-27
|l 0
|o HQ525.I8W44
|p 2024-0164
|r 2024-02-27 00:00:00
|t 701764
|w 2024-02-27
|y BK
|
| 999 |
|
|
|c 2439
|d 2439
|